Historia del pensamiento en el mundo islámico

Gorde:
Xehetasun bibliografikoak
Egile nagusia: Cruz Hernández, Miguel (Egilea)
Formatua: Liburua
Hizkuntza:gaztelania
Argitaratua: Madrid Alianza 1981
Saila:Alianza Universidad. Textos, 28-29
Gaiak:
Etiketak: Etiketa erantsi
Etiketarik gabe, Izan zaitez lehena erregistro honi etiketa jartzen!

MARC

LEADER 00000nam a2200000 a 4500
001 UCP5299
003 CL-VaPUC
008 990903e19810000SP |||||||||||||||||spa|d
082 0 4 |a 297  |b CRU  |2 21 
100 0 |a Cruz Hernández, Miguel  |e author  |9 433629 
245 1 0 |a Historia del pensamiento en el mundo islámico 
300 |a 2 v 
942 |c BK 
945 |d 19990903 00:00:00  |a crobeson 
260 |a Madrid  |b Alianza  |c 1981 
500 |a v.1: Desde lor orígenes hasta el siglo XII 
500 |a v.2: Desde el islam andalusí hasta el socialismo árabe 
650 0 |a Islamismo  |9 314084 
650 7 |a FILOSOFIA ARABE  |2 CL-VaPUC  |9 307956 
650 0 |a Filosofía oriental  |9 319113 
650 0 |a Literatura islámica   |9 433595 
650 0 |a Neoplatonismo  |9 265877 
583 |a last modification  |c 19990903 00:00:00  |k Rodrigo Vera 
490 0 |a Alianza Universidad. Textos, 28-29 
999 |c 283067  |d 283065 
952 |0 0  |1 0  |4 0  |6 297_000000000000000_CRU_1981  |7 0  |8 A  |9 325825  |a BIBHIS  |b BIBHIS  |d 2019-11-20  |h v.1  |i 1357298  |o 297 CRU 1981  |p 1357298  |r 2025-01-20  |w 2019-11-20  |y BK  |k HIS 
952 |0 0  |1 0  |4 0  |6 297_000000000000000_CRU_1981  |7 0  |8 A  |9 325826  |a BIBHIS  |b BIBHIS  |d 2019-11-20  |h v.2  |i 1357301  |o 297 CRU 1981  |p 1357301  |r 2025-01-20  |w 2019-11-20  |y BK  |k HIS